Ali Sardar Jafri the youthful boatman of joy / (Record no. 128587)

MARC details
000 -LEADER
fixed length control field 00746nam a22002417a 4500
003 - CONTROL NUMBER IDENTIFIER
control field dpl
005 - DATE AND TIME OF LATEST TRANSACTION
control field 20180529133308.0
008 - FIXED-LENGTH DATA ELEMENTS--GENERAL INFORMATION
fixed length control field 180529b xxu||||| |||| 00| 0 eng d
010 ## - LIBRARY OF CONGRESS CONTROL NUMBER
LC control number B-060253, B-060257
020 ## - INTERNATIONAL STANDARD BOOK NUMBER
Terms of availability 240.00
International Standard Book Number 81263106718
035 ## - SYSTEM CONTROL NUMBER
System control number B-060253
037 ## - SOURCE OF ACQUISITION
Source of stock number/acquisition Cen Lib/Ret
040 ## - CATALOGING SOURCE
Original cataloging agency DPL
Language of cataloging EN
Transcribing agency 0
082 ## - DEWEY DECIMAL CLASSIFICATION NUMBER
Classification number 842.092
Item number JAF
245 ## - TITLE STATEMENT
Title Ali Sardar Jafri the youthful boatman of joy /
Statement of responsibility, etc edited by Anil Sehgal
260 ## - PUBLICATION, DISTRIBUTION, ETC. (IMPRINT)
Place of publication, distribution, etc New Delhi
Name of publisher, distributor, etc Bhartiya Jnanpith
270 ## - ADDRESS
Address 18,Industrial Area Lodi Road
City New Delhi
Postal code 110003
300 ## - PHYSICAL DESCRIPTION
Extent 287p. :
Dimensions 21cm(Hb)
Other physical details ill.
650 ## - SUBJECT ADDED ENTRY--TOPICAL TERM
Topical term or geographic name as entry element Jaʻfrī, ʻAlī Sardār
9 (RLIN) 23837
650 ## - SUBJECT ADDED ENTRY--TOPICAL TERM
Topical term or geographic name as entry element Biography
9 (RLIN) 7490
700 ## - ADDED ENTRY--PERSONAL NAME
9 (RLIN) 23677
Personal name Sehgal, Anil
942 ## - ADDED ENTRY ELEMENTS (KOHA)
Source of classification or shelving scheme Dewey Decimal Classification
Koha item type English Books
Classification part 842.092
Call number suffix JAF
Holdings
Withdrawn status Lost status Damaged status Not for loan Home library Current library Date acquired Source of acquisition Cost, normal purchase price Total Checkouts Full call number Barcode Date last seen Copy number Cost, replacement price Price effective from Koha item type Source of classification or shelving scheme Collection code Date checked out Total Renewals
        Central Library Central Library 02/07/2015 Cen Lib/Ret 240.00   842.092 JAF B-060253 02/07/2015 1 240.00 02/07/2015 English Books        
        Sarojini Nagar Sarojini Nagar 16/05/2019     1 842.092 JAF B-060255 13/09/2019     16/05/2019 English Books Dewey Decimal Classification Non-fiction 02/08/2019 2
        Shahdara Branch Shahdara Branch 29/05/2018 BPPD/PUB 240.00 1 842.092 JAF B-060257 30/12/2019   240.00 29/05/2018 English Books Dewey Decimal Classification Non-fiction 16/12/2019  

© Delhi Public Library
Hit Counter
free hit counter